00742cam a2200229 i 4500999001900000001000900019005001700028008004100045020001800086020001500104040001300119082002500132100001800157245006100175250001200236260004500248300004400293490003200337650002400369942000700393952011200400 c119255d1192551840793620201017102603.0141216s2015 enka b 001 0 eng  a9780199589920 a0199589925 cPK-LaUMT00a610.15195223bBLA-I1 aBland, Martin13aAn introduction to medical statistics /cby Martin Bland a4th ed. aOxford :bOxford University Press,c2015 axviii, 427 p. :billustrations ;c25 cm0 aOxford medical publications 0aMedical statistics. cBK 00104070a01b01d2020-10-17l1o610.15195 BLA-Ip134823r2022-11-18 00:00:00s2020-12-11w2020-10-17yBK